000 02160nam0a2200361 i 4500
001 RU\NLR\bibl\1892260
005 20240921100725.0
010 _a9785833304082
_9100
021 _aRU
_b2012-22487
_91686
035 _a(nilc)RSL-KNO-005416899
035 _a(NLR Aleph) 001881941
090 _a2802822
_c2802822
100 _a20120409d2011 u y0rusy50 ca
101 0 _arus
102 _aRU
105 _aa |||||||||
200 1 _aМетоды и приборы контроля окружающей среды и экологический мониторинг
_eучебное пособие
_e[для студентов всех форм обучения инженерно-технических специальностей]
_fВ.Г. Шеманин, П.В. Чартий
_gМ-во образования и науки Рос. Федерации, Федер. гос. бюджет. образоват. учреждение высш. проф. образования "Кубан. гос. технол. ун-т" (КубГТУ)
210 _aКраснодар
_cКубанский государственный технологический университет
_d2011
215 _a147 с.
_cил.
_d21
320 _aБиблиогр.: с. 146-147 (18 назв.)
606 1 _aЭкологический мониторинг
_jУчебные издания для высших учебных заведений
_xМетодика и техника
_92140486
_3RU\NLR\auth\661290177
606 1 _aОкружающая среда
_jУчебные издания для высших учебных заведений
_xЗагрязнение
_xКонтроль
_xАппараты и приборы
_91811361
_3RU\NLR\auth\66817131
686 _aБ1с141я73-1
_2rubbk
686 _aР121.1-1я73
700 1 _aШеманин
_bВ. Г.
_gВалерий Геннадьевич
_4070
701 1 _aЧартий
_bП. В.
_gПавел Валикович
_4070
801 0 _aRU
_bRuMoRKP
_c20120409
_grcr
801 1 _aRU
_bРГБ
_c20120409
801 2 _aRU
_bNLR
_c20120413
_grcr
830 _aАвт. по кн.
942 _cBOOK
980 _aNBR